| 000 | 00574nam a2200169Ia 4500 | ||
|---|---|---|---|
| 008 | 230917s9999||||xx |||||||||||||| ||und|| | ||
| 020 | _cRS300 | ||
| 040 |
_e250253 _aMAIN |
||
| 041 | _aEnglish | ||
| 082 | _a891.431731 DR494R:BL | ||
| 100 | _aभरति लाल, सम्पा. | ||
| 245 | 0 | _aरूप देवगुण की प्रतिनिधि रचनाएँ | |
| 260 |
_aकैथल _bअक्षरधाम प्रकाशन _c2014 |
||
| 300 | _a216 पृ. p. | ||
| 500 | _a3277 01/10/2018 ADP18/243 03/10/2018 Main Budget | ||
| 942 | _cBK | ||
| 999 |
_c28387 _d28387 |
||